|
|
|
|
| LEADER |
00000nam a2200000Ii 4500 |
| 001 |
DIGBRUJ023 |
| 003 |
NyNyDIG |
| 006 |
m o d |
| 007 |
cr ||||||||||| |
| 008 |
220707s2013 ag a ob 000 0 spa d |
| 035 |
|
|
|a (OCoLC)1350506144
|
| 040 |
|
|
|a DGITA
|b eng
|e rda
|e pn
|c DGITA
|
| 020 |
|
|
|a 9789871925230
|q pdf
|
| 020 |
|
|
|z 9789871925070
|
| 043 |
|
|
|a s-ag---
|
| 050 |
1 |
4 |
|a F2876 ebook
|
| 082 |
0 |
4 |
|a 982.34
|
| 100 |
1 |
|
|a Karlin, Marcos S.
|q (Marcos Sebastián),
|e author.
|
| 245 |
1 |
3 |
|a El Chaco árido /
|c Marcos Karlin [and 4 others]
|
| 264 |
|
1 |
|a Córdoba, Argentina :
|b Editorial Brujas,
|c [2013]
|
| 300 |
|
|
|a 1 online resource :
|b illustrations.
|
| 336 |
|
|
|a text
|b txt
|2 rdacontent
|
| 337 |
|
|
|a computer
|b c
|2 rdamedia
|
| 338 |
|
|
|a online resource
|b cr
|2 rdacarrier
|
| 347 |
|
|
|a text file
|2 rdaft
|
| 347 |
|
|
|b PDF
|
| 504 |
|
|
|a Includes bibliographical references.
|
| 588 |
0 |
|
|a Online resource; title from PDF title page (Digitalia, viewed July 7, 2022)
|
| 651 |
|
0 |
|a Chaco (Argentina)
|x Climate.
|
| 651 |
|
0 |
|a Chaco (Argentina)
|x Economic conditions.
|
| 651 |
|
0 |
|a Chaco (Argentina)
|x Social conditions.
|
| 655 |
|
0 |
|a Electronic books.
|
| 791 |
2 |
|
|a Digitalia (Firm),
|e distributor.
|
| 793 |
0 |
|
|g Digitalia eBook Collection:
|a Editorial Brujas
|
| 776 |
0 |
8 |
|i Print version:
|a Karlin, Marcos S. (Marcos Sebastián).
|t Chaco árido.
|b 1a. edición.
|d Córdoba, Argentina : Editorial Brujas, [2013]
|z 9789871925070
|
| 856 |
4 |
0 |
|3 Digitalia Hispánica
|u https://www.digitaliapublishing.com/a/35398/
|
| 910 |
|
|
|a Premium collection: 2022
|